Statistics for Chemistry Quiz

Click here to take the quiz!

General Stats

  • This quiz has been taken 249 times
  • The average score is 38 of 48

Answer Stats

HintAnswer% Correct
CCarbon
100%
HeHelium
100%
HHydrogen
100%
LiLithium
100%
OOxygen
100%
NNitrogen
99%
MgMagnesium
97%
FeIron
94%
NaSodium
94%
BBoron
93%
AuGold
93%
KPotassium
93%
ZnZinc
93%
CuCopper
92%
NeNeon
92%
ClChlorine
91%
AgSilver
91%
CaCalcium
90%
ArArgon
89%
SiSilicon
89%
AlAluminium
86%
CoCobalt
84%
NiNickel
83%
SSulfur
83%
XeXenon
82%
IIodine
81%
KrKrypton
81%
FFluorine
79%
UUranium
79%
BrBromine
78%
MnManganese
78%
PPhosphorus
77%
PbLead
76%
BeBeryllium
75%
BaBarium
69%
CrChromium
69%
HgMercury
69%
RbRubidium
68%
FrFrancium
64%
RnRadon
60%
SnTin
60%
RaRadium
59%
CsCesium
55%
SrStrontium
53%
PuPlutonium
52%
CdCadmium
51%
PoPolonium
44%
MoMolybdenum
34%

Score Distribution

Percentile by Number Answered

Percent of People with Each Score

Your Score History

You have not taken this quiz